| 000 | 00547nam a22001817a 4500 | ||
|---|---|---|---|
| 999 |
_c264246 _d264245 |
||
| 003 | OSt | ||
| 005 | 20240807135253.0 | ||
| 008 | 240807b xxu||||| |||| 00| 0 eng d | ||
| 010 | _a 2006039766 | ||
| 020 | _a9780545110211 | ||
| 040 | _cRU | ||
| 050 |
_a PZ7 _b.S68524 2007 |
||
| 100 |
_a Sobol, Donald J., _d1924-2012. |
||
| 245 |
_aEncyclopedia Brown cracks the case / _cDonald J. Sobol ; illustrated by James Bernardin. |
||
| 260 |
_aNew York, N.Y. : _bScholastic Inc. _c c2007. |
||
| 300 |
_a90 p. : _b ill. ; _c 22 cm. |
||
| 942 |
_2lcc _cBK |
||